书目信息 |
| 题名: |
可持续的智慧
|
|
| 作者: | 伦德斯特伦 , 弗雷德里克松 , 维策尔 著 ;王东宇 译 | |
| 分册: | ||
| 出版信息: | 南京 江苏凤凰科学技术出版社 2016.11 |
|
| 页数: | 199;308页 | |
| 开本: | 24cm | |
| 丛书名: | ||
| 单 册: | ||
| 中图分类: | TU984.532 | |
| 科图分类: | ||
| 主题词: | 城市规划--研究--瑞典 | |
| 电子资源: | ||
| ISBN: | 978-7-5537-7089-5 | |
| 000 | 01544nam0 2200289 450 | |
| 001 | 0100005030 | |
| 005 | 20171115110453.62 | |
| 010 | @a978-7-5537-7089-5@dCNY128.00 | |
| 100 | @a20161024d2016 em y0chiy50 ea | |
| 101 | 1 | @achi@cswe |
| 102 | @aCN@b320000 | |
| 105 | @aa z 000yy | |
| 200 | 1 | @a可持续的智慧@Ake chi xu de zhi hui@e瑞典城市规划与发展之路@dPlanning and sustainable urban development in Sweden@f(瑞典)马茨·约翰·伦德斯特伦,(瑞典)夏洛塔·弗雷德里克松,(瑞典)雅各布·维策尔著@g王东宇[等]译@zeng |
| 210 | @a南京@c江苏凤凰科学技术出版社@d2016.11 | |
| 215 | @a199;308页@c图@d24cm | |
| 330 | @a本书分为两大部分。第一部分主要介绍瑞典的规划体系以及背景,我们试图阐明瑞典当代城市规划和发展实践中所蕴藏的复杂性。该部分内容勾勒出瑞典城市规划和可持续发展在过去及当下所面临的现实情况,同时概述了瑞典在地方、区域及全国层面的规划体系。第二部分可以视为瑞典可持续城市发展项目的集萃,其重点是各类可持续发展规划项目中采取的不同路径和方法。 | |
| 333 | @a城市规划设计人员 | |
| 510 | 1 | @aPlanning and sustainable urban development in Sweden@zeng |
| 517 | 1 | @a瑞典城市规划与发展之路@Arui dian cheng shi gui hua yu fa zhan zhi lu |
| 606 | 0 | @a城市规划@x研究@y瑞典 |
| 690 | @aTU984.532@v5 | |
| 701 | 0 | @c(瑞典)@a伦德斯特伦@Alun de si te lun@c(Lundstrom, Johan Mats)@4著 |
| 701 | 0 | @c(瑞典)@a弗雷德里克松@Afu lei de li ke song@c(Fredriksson, Charlotta)@4著 |
| 701 | 0 | @c(瑞典)@a维策尔@Awei ce er@c(Witzell, Jacob)@4著 |
| 702 | 0 | @a王东宇@Awang dong yu@4译 |
| 801 | 0 | @aCN@c201701015 |
| 905 | @a河南城建学院图书馆@dTU984.532@eL926 | |
| 可持续的智慧:瑞典城市规划与发展之路=Planning and sustainable urban development in Sweden/(瑞典)马茨·约翰·伦德斯特伦,(瑞典)夏洛塔·弗雷德里克松,(瑞典)雅各布·维策尔著/王东宇[等]译.-南京:江苏凤凰科学技术出版社,2016.11 |
| 199;308页:图;24cm |
| 使用对象:城市规划设计人员 |
| ISBN 978-7-5537-7089-5:CNY128.00 |
| 本书分为两大部分。第一部分主要介绍瑞典的规划体系以及背景,我们试图阐明瑞典当代城市规划和发展实践中所蕴藏的复杂性。该部分内容勾勒出瑞典城市规划和可持续发展在过去及当下所面临的现实情况,同时概述了瑞典在地方、区域及全国层面的规划体系。第二部分可以视为瑞典可持续城市发展项目的集萃,其重点是各类可持续发展规划项目中采取的不同路径和方法。 |
| ● |
| 相关链接 |
|
|
|
正题名:可持续的智慧
索取号:TU984.532/L926
 
预约/预借
| 序号 | 登录号 | 条形码 | 馆藏地/架位号 | 状态 | 备注 |
| 1 | 1308610 | 213086104 | 建筑与城市规划学院资料室/ [索取号:TU984.532/L926] | 在馆 | |
| 2 | 1361164 | 213611643 | 建筑库201/201建筑库 66排2列5层/ [索取号:TU984.532/L926] | 在馆 |